000 01176cam a22003131 4500
001 7861
003 BD-RjUL
005 20211208234504.0
008 140116r1969 dcu b 101 0 eng
035 _a(BD-RjUL)7905
040 _aDLC
_cDLC
_dDLC
_dBD-RjUL
_beng
041 _aeng
082 0 0 _a353.0085
_bSCI 1969
245 0 0 _aScience policy and the university /
_cHarold Orlans, ed. Contributors: Christian K. Arnold [and others]
260 _aWashington :
_bBrookings Institution ,
_cc1968 [ 2nd. Pri. 1969].
300 _aix, 352 p. ;
_c23 cm.
350 _a$7.50
500 _aTen of the 14 papers included were presented at the annual seminars on science, technology, and public policy sponsored by the Brookings Institution in 1964 and 1965.
504 _aBibliographical footnotes and index.
650 0 _aScience and state
_zUnited States.
_924150
650 0 _aResearch
_zUnited States.
_924524
651 0 _aUnited States
_xCultural policy.
_924525
700 1 _aOrlans, Harold,
_d1921-
_eed.
_924526
700 1 _aArnold, Christian K.
_924527
710 2 _aBrookings Institution.
_924528
942 _2ddc
_cBK
999 _c7861
_d7861